| 000 | 01112nam a22002657a 4500 | ||
|---|---|---|---|
| 003 | OSt | ||
| 005 | 20250329135516.0 | ||
| 008 | 240905b ||||| |||| 00| 0 eng d | ||
| 040 | _c0 | ||
| 082 | _aDPer 621.317 Ie21 December 2022 v.37 n. 12 part 1&2. | ||
| 100 |
_aCecati, Federico. _eauthor. _960250 |
||
| 245 |
_aState feedback reshaping control of voltage source converter / _cFederico Cecati, Rongwu Zhu, Sante Pigliese, Marco Liserre, and Xiongfei Wang. |
||
| 260 |
_aNew York ; _bThe Institute of Electrical and Electronics Engineers, Inc., _cDecember 2022. |
||
| 300 |
_avolume 37, pages 14280-14293, _billustration. |
||
| 500 | _aIEEE Transactions on Power Electronics, v. 37 n. 12, pages 14280-14293, December 2022. | ||
| 650 | 0 |
_aActive damping (AD). _966037 |
|
| 650 | 0 |
_areshaping control. _966038 |
|
| 650 | 0 |
_astate feedback. _966039 |
|
| 700 |
_aCecati, Federico. _eauthor. _960250 |
||
| 700 |
_aZhu, Rongwu. _eauthor. _960251 |
||
| 700 |
_aPigliese, Sante. _eauthor. _960252 |
||
| 700 |
_aLiserre, Marco. _eauthor. _960253 |
||
| 700 |
_aWang, Xiongfei. _eauthor. _960254 |
||
| 942 |
_2ddc _cPER |
||
| 999 |
_c21346 _d21346 |
||